000
00333nam a2200133Ia 4500
008
240624s9999 xx 000 0 und d
041
_a
eng
082
_a
823 SAT
100
_a
SATYANARAYANA Y B
245
_a
MY FATHER BALIAH
260
_c
2011
_a
New Delhi
_b
HarperCollins
300
_a
xxii, : 211 : p. : cm. ; 21
365
_c
RS
_b
25
999
_c
19958
_d
19958